| 000 | 00784nam a22001817a 4500 | ||
|---|---|---|---|
| 003 | BD-DhUL | ||
| 005 | 20170516173900.0 | ||
| 008 | 161019s1997 bg ||||| |||| 00| 0 eng d | ||
| 040 |
_aBD-DhUL _cBD-DhUL |
||
| 082 |
_a891.44092 _bHAB |
||
| 100 | 1 | _aহালদার, গোপাল | |
| 245 | 0 |
_aবাঙ্লা সাহিত্যের রূপ-রেখা : _cগোপাল হালদার _b১ম খন্ড, প্রাচীন ও মধ্যযুগ / |
|
| 260 |
_aঢাকা : _bনাজমা জেসমিন চৌধুরী স্মৃতি সংসদ, _c১৯৯৫। |
||
| 300 |
_a২৩৬ পৃ. ; _c২১ সে.মি. |
||
| 600 | 0 | _aবাংলা সাহিত্য | |
| 600 | 0 | _aBangla Literature. | |
| 942 |
_2ddc _cBK |
||
| 999 |
_c197935 _d197935 |
||